Stati della Alleanza Bolivariana per le Americhe - Statistics

Statistiche generali
  • Questo quiz è stato fatto 5 volte
  • Il punteggio medio è 6 su 10
Statistiche sulle risposte
Nazione % Corretto
Bolivia
80%
Cuba
80%
Venezuela
80%
Antigua e Barbuda
60%
Grenada
60%
Nicaragua
60%
Saint Kitts e Nevis
60%
Dominica
40%
Saint Lucia
40%
Saint Vincent e Grenadine
40%
Nessun quiz corrispondente trovato
Distribuzione punteggi
Percentuale di utenti per punteggio
Percentile per numero di risposta
I tuoi punteggi nel tempo
Non hai fatto questo quiz